01742aam a2200481 450000500170000000800410001702000150005804100080007308200170008110000280009824500550012626000130018126000130019426000090020730000180021649000470023449000270028150502110030865000260051965000260054565000240057165000240059565000530061965000590067265000330073165000310076465000410079565000460083665000270088265000400090965000440094965000200099365000250101365000220103865000200106065000180108065000340109865000330113265000310116594200120119699900150120895200370122320251028142115.0150413b1999 xxu||||| |||| 00| 0 spa d a8436813847 aESP a659.2 V713g aVillafane, Justo922289 aLa gestión profesional de la imagen corporativa  aEspaña bPiramide c1999 a322 páginas aDirección y Administración de Empresas aSecretariado ejecutivo aParte I. La identidad y la imagen de las empresas. Parte II. Definir la estrategia de imagen. Parte III. Configurar la personalidad corporativa. Parte IV. Gestionar la imagen a través de la comunicación aRELACIONES PÚBLICAS aIDENTIDAD CORPORATIVA aIMAGEN CORPORATIVA  aUNA IMAGEN POSITIVA aGESTIÓN ESTRATÉGICA DE LA IMAGEN CORPORATIVA aTÉCNICAS DE INVESTIGACIÓN DE LA IMAGEN CORPORATIVA aIDENTIDAD VISUAL CORPORATIVA aCOMUNICACIÓN CORPORATIVA aMANUAL DE NORMAS DE IDENTIDAD VISUAL aMANUAL DE GESTIÓN DE LA COMUNICACIÓN aLA CULTURA CORPORATIVA aEL CAMBIO DE LA CULTURA CORPORATIVA aPROGRAMAS DE COMUNICACIÓN CORPORATIVA aNOTAS DE PRENSA aCOMUNICADO DE PRENSA aDOSSIER DE PRENSA aRUEDA DE PRENSA aLA ENTREVISTA aLAS COMUNICACIONES ESPECIALES aLA COMUNICACIÓN FINANCIERA aLA COMUNICACIÓN INTERNA cBK2ddc c4563d4563 o659.2 V715gp8999xDAE x SEyBK